| 000 | nam a22 a 4500 | ||
|---|---|---|---|
| 999 |
_c407544 _d407544 |
||
| 003 | BLK | ||
| 005 | 20210413102827.0 | ||
| 008 | 200315b bul|||||r ||||||| ||bul|| | ||
| 040 | _aBLK | ||
| 041 |
_aENG _cENG |
||
| 080 |
_aАнглийски език _b811.111 _x(072) _z811.111(072) |
||
| 100 |
_9447697 _aBowen, K. _eпърви автор |
||
| 139 | _aBowen, K. et all | ||
| 245 | 1 | 0 |
_aA view of London _cK Bowen; съавт. C M Schnell; худож. Holzel _bLessons in English conversation after Holzel's picture "London" |
| 257 | _aDEU | ||
| 260 |
_aGiessen _bVerl. von Emil Roth _c1899 _9447690 _n954-442- |
||
| 300 |
_c22 sm _a44 p. _bill. _e1 л. картина |
||
| 380 | _a80 | ||
| 490 |
_9435080 _aКолекция Редки и ценни издания |
||
| 490 |
_9447702 _aKonversationsunterricht im Englischen _v№ 4 |
||
| 505 | _gС автограф : Илья Ал Ив. Квартиринков Габрово 1904 г | ||
| 650 | 7 |
_9146982 _aАнглийски език - лексика |
|
| 653 | 7 |
_9194324 _aправоговор |
|
| 653 | 7 |
_9199037 _aупражнения |
|
| 700 |
_9447700 _aSchnell, C. M. _eсъавт. |
||
| 700 |
_91637 _aHolzel _eхудож. |
||
| 852 |
_aРа 899 _bРц |
||
| 942 |
_cKNG _n0 _s1 |
||
| 944 |
_aCR _c2021-04-12 _kСТ |
||
| 999 | _d407544 | ||
| 999 | _d407534 | ||
| 999 | _d407534 | ||
| 999 | _d407526 | ||